Teoría de la comunicación humana. (Registro nro. 738)

Detalles MARC
000 -LEADER
fixed length control field 01185 am a2200385 a 4500
005 - FECHA ULTIMA MODIFICACION
control field 20231212111934.0
008 - CAMPO DE CONTROL (LIBRO)
fixed length control field 100916s1997||||sp d f |||| 001 0 spa d
020 ## - INTERNATIONAL STANDARD BOOK NUMBER
ISBN 8425412056
041 ## - CODIGO DE IDIOMA
Código de idioma del texto/pista de sonido o título separado spa
092 ## - SIGNATURA TOPOGRAFICA DEWEY LOCAL
número de clasificación 153.6
libristica 95
sección WAT
100 1# - ENTRADA PRINCIPAL--NOMBRE PERSONAL
Nombre personal Watzlawick, P.
9 (RLIN) 1481
245 ## - TITULO PROPIAMENTE DICHO
Título Teoría de la comunicación humana.
Subtítulo y Título paralelo Interacciones, patologías y paradojas /
Mención de responsabilidad y remanente de la transcripción de la portada Paul Watzlawick
250 ## - MENCION DE EDICION
Mención de edición 11a ed.
260 ## - PIE DE IMPRENTA
Lugar de publicación, distribución, etc Barcelona:
Nombre de la editorial, distribuidor, etc Herder;
Fecha de publicación 1997.
300 ## - DESCRIPCION FISICA
Extension 260 p.
500 ## - NOTA GENERAL
Nota general Watzlawick, P. (1997). Teoría de la comunicación humana. Interacciones, patologías y paradojas. (11a ed.). Barcelona : Herder.
590 ## - NOTAS LOCALES (RLIN)
Nota local Biblioteca de Psicología. Textos Universitarios.
653 ## - TÉRMINO INDIZADO - PALABRAS CLAVES
Palabra clave Axiomas exploratorios de la comunicación
653 ## - TÉRMINO INDIZADO - PALABRAS CLAVES
Palabra clave Comunicación patológica
653 ## - TÉRMINO INDIZADO - PALABRAS CLAVES
Palabra clave Organización de la interacción humana
653 ## - TÉRMINO INDIZADO - PALABRAS CLAVES
Palabra clave Comunicación paradójica
653 ## - TÉRMINO INDIZADO - PALABRAS CLAVES
Palabra clave Paradojas en psicoterapia
700 1# - ENTRADAS SECUNDARIAS - NOMBRE PERSONAL
Nombre personal Beavin Bavelas, J.
9 (RLIN) 1482
700 1# - ENTRADAS SECUNDARIAS - NOMBRE PERSONAL
Nombre personal Jackson, J. J.
9 (RLIN) 1483
930 ## - NUMERO DE INVENTARIO
Número de inventario 413
930 ## - NUMERO DE INVENTARIO
Número de inventario 414
930 ## - NUMERO DE INVENTARIO
Número de inventario 415
930 ## - NUMERO DE INVENTARIO
Número de inventario 416
930 ## - NUMERO DE INVENTARIO
Número de inventario 417
930 ## - NUMERO DE INVENTARIO
Número de inventario 418
930 ## - NUMERO DE INVENTARIO
Número de inventario 419
930 ## - NUMERO DE INVENTARIO
Número de inventario 420
930 ## - NUMERO DE INVENTARIO
Número de inventario 421
942 ## - ADDED ENTRY ELEMENTS (KOHA)
Source of classification or shelving scheme Dewey Decimal Classification
Item type Libros
Existencias
Estado de retiro Existencia Fuente de clasificación Estado general No para prestamo Colección Ubicación permanente ubicación actual Sala de ubicación Fecha de adquisición Total Checkouts Número de clasificación Código de barras Date last seen Número de ejemplar Price effective from Koha tipo de elemento (item) Public note Total Renewals Date last borrowed
    Dewey Decimal Classification     Reference Biblioteca Medicina Biblioteca Medicina Referencia 13/05/2011   153.6 95 WAT 413 06/11/2014 ej.2 13/05/2011 Reference LIBRO DE CONSULTA    
            Biblioteca Medicina Biblioteca Medicina Circulación 13/05/2011 12 153.6 95 WAT 414 29/03/2021 ej.3 13/05/2011 Libros   4 16/03/2020
            Biblioteca Medicina Biblioteca Medicina Circulación 13/05/2011 17 153.6 95 WAT 415 17/03/2021 ej.4 13/05/2011 Libros   7 16/03/2020
            Biblioteca Medicina Biblioteca Medicina Circulación 13/05/2011 5 153.6 95 WAT 416 26/03/2021 ej.5 13/05/2011 Libros   4 16/03/2020
            Biblioteca Medicina Biblioteca Medicina Circulación 13/05/2011 9 153.6 95 WAT 417 03/04/2018 ej.6 13/05/2011 Libros   1 27/03/2018
            Biblioteca Medicina Biblioteca Medicina Circulación 13/05/2011 19 153.6 95 WAT 418 04/03/2022 ej.7 13/05/2011 Libros   5 25/02/2022
            Biblioteca Medicina Biblioteca Medicina Circulación 13/05/2011 20 153.6 95 WAT 419 03/04/2018 ej.8 13/05/2011 Libros   1 26/03/2018
            Biblioteca Medicina Biblioteca Medicina Circulación 13/05/2011 19 153.6 95 WAT 420 22/04/2019 ej.9 13/05/2011 Libros   5 17/04/2019
            Biblioteca Medicina Biblioteca Medicina Circulación 13/05/2011 8 153.6 95 WAT 421 30/04/2015 ej.10 13/05/2011 Libros   14 27/04/2015

UNIVERSIDAD NACIONAL DEL COMAHUE
Biblioteca de la Facultad de Ciencias Médicas
Sede Toschi: Los Arrayanes y Av. Toschi, Cipolletti  - Rio Negro
Sede Los Tordos:  Yrigoyen al 2211, Cipolletti - Rio Negro 

Teléfono: 0299 - 4774707 int 25
Contacto: biblioteca@facimed.uncoma.edu.ar
© 2011 - 2026